Impacto de las elecciones /

Las elecciones nicaraguenses tienen como resultado inherente el evitar más daños causados por la guerra, tanto en costos económicos como en vidas humanas. En diez años de guerra, se han producido 50.000 víctimas, entre muertos, heridos y mutilados y, las pérdidas materiales ascienden a US

Shranjeno v:
Bibliografske podrobnosti
Glavni avtor: Gabuardi Lacayo, Carlos
Format: Texto
Jezik:Spanish
Teme:
Oznake: Označite
Brez oznak, prvi označite!

MARC

LEADER 00000 a a2200000 04500
001 795
003 cru IIS
005 20220425120331.0
008 220425b |||||||| |||| 00| 0 spa d
040 |c cru IIS 
100 |a Gabuardi Lacayo, Carlos  
245 |a Impacto de las elecciones /  |c Carlos Gabuardi Lacayo 
500 |a Colección Centroamérica 
520 |a Las elecciones nicaraguenses tienen como resultado inherente el evitar más daños causados por la guerra, tanto en costos económicos como en vidas humanas. En diez años de guerra, se han producido 50.000 víctimas, entre muertos, heridos y mutilados y, las pérdidas materiales ascienden a US 
650 |a ELECCIONES  
650 |a ESTABILIDAD POLITICA  
650 |a GUERRA  
650 |a FUERZAS ARMADAS  
650 |a AYUDA ECONOMICA  
650 |a RECESION ECONOMICA  
773 |g volumen 1, número 5; páginas 9  
773 0 |0 44181  |9 7029  |d Managua, Nicaragua: CODICE S.A, 1990-  |o MFN: 1973  |t Análisis: 
942 |2 ddc  |c PP 
999 |c 28912  |d 28912